Elementary electrical engineering, (Record no. 545327)
[ view plain ]
| 000 -LEADER | |
|---|---|
| fixed length control field | 00527cam a22001571 4500 |
| 082 ## - DEWEY DECIMAL CLASSIFICATION NUMBER | |
| Classification number | 621.3 |
| Author Mark | CLA |
| -- | L-9, P-62 |
| 100 1# - MAIN ENTRY--PERSONAL NAME | |
| Personal name | Clayton, Albert Edmund, |
| 9 (RLIN) | 41137 |
| 245 10 - TITLE STATEMENT | |
| Title | Elementary electrical engineering, |
| Statement of responsibility, etc. | by Albert E. Clayton and Herbert J. Shelley. |
| 260 ## - PUBLICATION, DISTRIBUTION, ETC. | |
| Place of publication, distribution, etc. | London, |
| -- | New York, |
| Name of publisher, distributor, etc. | Longmans, Green, |
| Date of publication, distribution, etc. | 1927. |
| 300 ## - PHYSICAL DESCRIPTION | |
| Extent | ix, 410 p. |
| Other physical details | diagrs. |
| Dimensions | 20 cm. |
| 526 ## - STUDY PROGRAM INFORMATION NOTE | |
| Program name | 0 |
| Interest level | 0 |
| Reading level | 0 |
| Title point value | 621_300000000000000_CLA |
| 650 #0 - SUBJECT ADDED ENTRY--TOPICAL TERM | |
| Topical term or geographic name entry element | Electrical engineering. |
| 650 #0 - SUBJECT ADDED ENTRY--TOPICAL TERM | |
| Topical term or geographic name entry element | MCE |
| 9 (RLIN) | 379 |
| 700 1# - ADDED ENTRY--PERSONAL NAME | |
| Personal name | Shelley, Herbert John, |
| 9 (RLIN) | 41138 |
| 942 ## - ADDED ENTRY ELEMENTS (KOHA) | |
| Source of classification or shelving scheme | |
| Koha item type | Book |
| Withdrawn status | Lost status | Source of classification or shelving scheme | Damaged status | Not for loan | Permanent Location | Current Location | Date acquired | Total Checkouts | Full call number | Barcode | Date last seen | Price effective from | Koha item type |
|---|---|---|---|---|---|---|---|---|---|---|---|---|---|
| Military College of Engineering (MCE) | Military College of Engineering (MCE) | 05/21/2014 | 621.3 CLA | MCE-3165a | 05/21/2014 | 03/14/2021 | Book |
